书目信息 |
| 题名: |
平津战役亲历记
|
|
| 作者: | ;政协文史资料委员会 编 | |
| 分册: | ||
| 出版信息: | 北京 中国文史出版社 1989 |
|
| 页数: | 510页 | |
| 开本: | 20cm | |
| 丛书名: | ||
| 单 册: | ||
| 中图分类: | K266.6 | |
| 科图分类: | ||
| 主题词: | 平津战役(1498-1949)史料 , 中国--历史 | |
| 电子资源: | ||
| ISBN: | 7-5034-0063-3 | |
| 000 | 00963nam0 2200241 45 | |
| 001 | 0189017645 | |
| 005 | 20060425163255.73 | |
| 010 | @a7-5034-0063-3@dCNY7.50 | |
| 020 | @aCN@b89017645 | |
| 100 | @a19910513d1989 m y0chiy0120 ea | |
| 101 | 0 | @achi |
| 102 | @aCN@b110000 | |
| 105 | @af z 000yy | |
| 200 | 10 | @a平津战役亲历记@Aping jin zhan yi qin li ji@e原国民党将领的回忆@Eyuan guo min dang jiang ling de hui yi@f政协文史资料委员会《平津战役亲历记》编审组编@Fzheng xie wen shi zi liao wei yuan hui 《 ping jin zhan yi qin li ji 》 bian shen zu bian |
| 210 | @a北京@c中国文史出版社@d1989 | |
| 215 | @a510页@c照片@d20cm | |
| 330 | @a本书收录的四十多位原国民党将领的回忆文章,生动真实地记载了平津战役及北平和平解放、绥远起义的具体经过。 | |
| 606 | @a平津战役(1498-1949)史料 | |
| 606 | 0 | @a中国@x历史 |
| 690 | @aK266.6@v3 | |
| 711 | 02 | @a政协文史资料委员会@Azheng xie wen shi zi liao wei yuan hui@4编 |
| 801 | 0 | @aCN@bNLC@c20060425 |
| 905 | @dK266.6@e28 | |
| 平津战役亲历记:原国民党将领的回忆/政协文史资料委员会《平津战役亲历记》编审组编.-北京:中国文史出版社,1989 |
| 510页:照片;20cm |
| ISBN 7-5034-0063-3:CNY7.50 |
| 本书收录的四十多位原国民党将领的回忆文章,生动真实地记载了平津战役及北平和平解放、绥远起义的具体经过。 |
| ● |
| 相关链接 |
|
|
|
|
正题名:平津战役亲历记
索取号:K266.6/28
 
预约/预借
| 序号 | 登录号 | 条形码 | 馆藏地/架位号 | 状态 | 备注 |
| 1 | 0218573 | 000354903 | 密集书库/ [索取号:K266.6/28] | 在馆 | |
| 2 | 0218574 | 000353487 | 密集书库/ [索取号:K266.6/28] | 在馆 | |
| 3 | 0218575 | 000353502 | 第二样本阅览室/ [索取号:K266.6/28] | 在馆 | |
| 4 | 0256318 | 000353478 | 密集书库/ [索取号:K266.6/28] | 在馆 | |
| 5 | 0256319 | 202261060 | 密集书库/ [索取号:K266.6/28] | 在馆 | |
| 6 | 0256320 | 000353496 | 第二借阅区/ [索取号:K266.6/28] | 在馆 | |
| 7 | 0256321 | 000353469 | 密集书库/ [索取号:K266.6/28] | 在馆 |